00418 a2200157 4500001000700000003000400007005001700011008004100028082001800069100002100087245007300108260003800181300001000219700001500229700001600244066731OSt20211006150145.0  a338.544bA48E1 aAppannaiah, H.R.1 aEconomics for businesscby H.R. Appannaiah, S. Santhi and P.N. Reddy aMumbaibHimalaya Publishingc2009 a503p. aSanthi, S. aReddy, P.N.